BSOP header

Collins easy learning Mandarin Chinese dictionary. (Record no. 49500)

MARC details
000 -LEADER
fixed length control field 00825cam a22002778i 4500
001 - CONTROL NUMBER
control field 1085196531
003 - CONTROL NUMBER IDENTIFIER
control field OCoLC
005 - DATE AND TIME OF LATEST TRANSACTION
control field 20210416161521.0
008 - FIXED-LENGTH DATA ELEMENTS--GENERAL INFORMATION
fixed length control field 181204s2019 enkm p 0 0 eng d
020 ## - INTERNATIONAL STANDARD BOOK NUMBER
International Standard Book Number 9780008300289
020 ## - INTERNATIONAL STANDARD BOOK NUMBER
International Standard Book Number 0008300283
035 ## - SYSTEM CONTROL NUMBER
System control number (OCoLC)1085196531
040 ## - CATALOGING SOURCE
Original cataloging agency UKMGB
Language of cataloging eng
Description conventions rda
Transcribing agency UKMGB
Modifying agency OCLCO
-- OCLCF
041 0# - LANGUAGE CODE
Language code of text/sound track or separate title eng
-- chi
245 00 - TITLE STATEMENT
Title Collins easy learning Mandarin Chinese dictionary.
250 ## - EDITION STATEMENT
Edition statement Third edition.
260 ## - PUBLICATION, DISTRIBUTION, ETC. (IMPRINT)
Place of publication, distribution, etc Glasgow :
Name of publisher, distributor, etc HarperCollins Publishers,
Date of publication, distribution, etc 2019
300 ## - PHYSICAL DESCRIPTION
Extent 583 pages :
Other physical details illustrations ;
Dimensions 20 cm.
336 ## - CONTENT TYPE
Content Type Term text
337 ## - MEDIA TYPE
Media Type Term unmediated
338 ## - CARRIER TYPE
Carrier Type Term volume
650 #0 - SUBJECT ADDED ENTRY--TOPICAL TERM
Topical term or geographic name as entry element Chinese language
Form subdivision Dictionaries
General subdivision English.
650 #0 - SUBJECT ADDED ENTRY--TOPICAL TERM
Topical term or geographic name as entry element English language
Form subdivision Dictionaries
General subdivision Chinese.
740 0# - ADDED ENTRY--UNCONTROLLED RELATED/ANALYTICAL TITLE
Uncontrolled related/analytical title Easy learning Mandarin Chinese dictionary.
942 ## - ADDED ENTRY ELEMENTS (KOHA)
Source of classification or shelving scheme Library of Congress Classification
Item type Books
Holdings
Withdrawn status Lost status Source of classification or shelving scheme Damaged status Not for loan Home library Current library Shelving location Date acquired Cost, normal purchase price Inventory number Total Checkouts Full call number Barcode Date last seen Price effective from Koha item type Copy number
    Library of Congress Classification     BSOP Library BSOP Library Reference Chinese 09/11/2019 0.00 46136   REFCH PL1455 C68 2019 00057072 02/24/2021 02/24/2021 Books  
    Library of Congress Classification     BSOP Library BSOP Library Reference Chinese 05/19/2025   49417   PL1455 C68 2019 00061448 05/19/2025 05/19/2025 Books c.2
BSOP

Biblical Seminary of the Philippines
  All rights Reserved
  © 2024

CONTACT INFORMATION

Biblical Seminary of the Philippines,
  77-B Karuhatan Road, Valenzuela City,
  PHILIPPINES 1441
  Phone: +632 8292-6795 / 8292-6798
  Fax : +632 8292-6675
  Email: library@bsop.edu.ph